| 000 | 00852cab a2200205 4500 | ||
|---|---|---|---|
| 001 | ABS68453 | ||
| 008 | 041125n2004 000 0 eng u | ||
| 035 | _a(Sirsi) u128123 | ||
| 100 | _aHewitt, M. | ||
| 245 | _aBritish consultants lead the charge | ||
| 260 | _c2004 | ||
| 490 |
_aManagement Today _vNovember 2004, 72-75(3) |
||
| 520 | _aExamines the "Management Today" league table of the top 100 top consultancies. Alongside the familiar names there are construction and engineering firms such as WS Atkins, EC Harris and Arup. Argues that the divisions between consultancy and service provision are becoming increasingly blurred. The full table is published in the MT Black Book. | ||
| 590 | _aABS | ||
| 650 | _aOUTSOURCING | ||
| 650 | _aSERVICE PROVIDERS | ||
| 650 |
_aManagement consultancy _96255 |
||
| 690 | _aMANAGEMENT | ||
| 942 | _n0 | ||
| 999 |
_c74628 _d74628 |
||